Hits Different lyrics - Statistics

General Stats
  • This quiz has been taken 72 times
  • The average score is 366 of 441
Answer Stats
Lyrics % Correct
a
100%
A
100%
I
100%
in
100%
In
100%
love,
100%
love
100%
me
100%
my
100%
my,
100%
on
100%
the
100%
You
100%
you
100%
you?
100%
for
97%
girl
97%
Oh
97%
that
97%
It
95%
it
95%
It's
95%
it's
95%
street
95%
was
95%
'cause
92%
'Cause
92%
different
92%
hits
92%
like
92%
never
92%
other
92%
to
92%
To
92%
up
92%
with
92%
an
89%
by
89%
do
89%
friends
89%
get
89%
girls
89%
is
89%
Is
89%
lie
89%
of
89%
pictured
89%
say
89%
then
89%
then,
89%
threw
89%
always
86%
club
86%
easy
86%
Shit
86%
time
86%
time,
86%
waiting
86%
your
86%
at
84%
blues
84%
bus
84%
felt
84%
hands
84%
just
84%
Movin'
84%
shows,
84%
so
84%
this
84%
This
84%
us
84%
washed
84%
and
81%
And
81%
(and
81%
bar
78%
don't
78%
Don't
78%
made
78%
mess
78%
cry
76%
cry)
76%
wrong
76%
dream
73%
ever
73%
has
73%
nothing
73%
out
73%
plays
73%
song,
73%
Catastrophic
70%
Each
70%
sadness
70%
some
70%
take
70%
They
70%
they
70%
walkin'
70%
away?
68%
away
68%
contagious
68%
door,
68%
door?
68%
key
68%
know
68%
our
68%
Yeah,
68%
car
65%
feelings
65%
if
65%
need
65%
off
65%
one
65%
switch
65%
these
65%
world,
65%
world
65%
eyes
62%
Freedom
62%
heard
62%
hurts
62%
outlaw
62%
someone
62%
summer
62%
used
62%
were
62%
while
62%
asshole
59%
burns
59%
coast
59%
Dreams
59%
enough
59%
heart
59%
loved
59%
Now
59%
right,
59%
simple
59%
still
59%
why
59%
held
57%
I'd
57%
Kens,
57%
metaphor,
57%
name
57%
once
57%
Or
57%
puts
57%
sense,
57%
sense
57%
start
57%
'til
57%
believed
54%
come
54%
could
54%
good
54%
guy
54%
hair
54%
have
54%
kill
54%
main
54%
melt
54%
needed
54%
sand
54%
sun
54%
bleedin'
51%
hallway
51%
hat,
51%
over
51%
Rip
51%
turn
51%
Argumentative,
49%
cried
49%
down
49%
ghost
49%
make
49%
okay?
49%
shouldn't
49%
space
49%
stopped
49%
town
49%
skip
46%
wound
46%
cursed
43%
invitations
43%
wrinkle
43%
evidence,
41%
receiving
41%
antithetical
38%
band-aid
38%
Bet
38%
crease
38%
find
38%
slur
38%
belief
35%
artifacts,
32%
stare
32%
trace
27%
No matching quizzes found
Score Distribution
Percent of People with Each Score
Percentile by Number Answered
Your Score History
You have not taken this quiz